| 000 | 00775nam a22002297a 4500 | ||
|---|---|---|---|
| 005 | 20240530110452.0 | ||
| 008 | 150517s2011 ua o g w 000 0dara d | ||
| 017 |
_a23744 _bمصر . دار الكتب المصرية |
||
| 020 | _a9770526975 | ||
| 040 | _aEG-CaGPL | ||
| 082 | 0 | 4 |
_221 _a155.234\ _bس ع |
| 100 | 0 | _aسهيل عواد | |
| 245 | 1 | 0 |
_aعبقرية التميز : _b( نظرية الاتزان وقيادة الذات ) / _cسهيل عواد |
| 250 | _aط1 | ||
| 260 |
_aالقاهرة : _bمكتبة الانجلو المصرية ، _c2011 . |
||
| 300 |
_a301 ص : _bصور ؛ _c24 سم |
||
| 650 | 0 | 4 | _aالتميز |
| 650 | 0 | 4 | _aالذات |
| 650 | 0 | 4 | _aالوضع الاجتماعى |
| 942 |
_2ddc _cBK |
||
| 999 |
_c61287 _d61287 |
||